| 000 | 00467nam a2200169Ia 4500 | ||
|---|---|---|---|
| 008 | 241115s9999 xx 000 0 und d | ||
| 020 | _a0-07-231539-3 | ||
| 082 | _a004.21 WHI | ||
| 100 | _aWhitten, Jaffrey L.; Bentley, Lonnie D.; Dittman, Kevin C. | ||
| 245 | 0 | _aSystems Analysis and Design Methods | |
| 250 | _a5th | ||
| 260 |
_aBoston: _bMcGrew Hill, _c2001 |
||
| 300 | _axx,724p. | ||
| 600 | _aComputer Science | ||
| 650 | _aComputer Science | ||
| 942 | _cBBD | ||
| 999 |
_c24864 _d24864 |
||